| Tag |
First Indicator |
Second Indicator |
Subfields |
| LEADER |
00000cam a2200000 i 4500 |
| 001 |
in00005777713 |
| 005 |
20260406152400.4 |
| 006 |
m o d |
| 007 |
cr un|---aucuu |
| 008 |
260130s2026 si a ob 001 0 eng d |
| 040 |
|
|
|a GW5XE
|b eng
|e rda
|e pn
|c GW5XE
|d OCLCO
|d EBLCP
|
| 019 |
|
|
|a 1569679440
|a 1569916550
|
| 020 |
|
|
|a 9789819536603 (electronic bk.)
|
| 020 |
|
|
|a 981953660X
|q (electronic bk.)
|
| 020 |
|
|
|z 9789819536597
|
| 024 |
7 |
|
|a 10.1007/978-981-95-3660-3
|2 doi
|
| 035 |
|
|
|a (OCoLC)1570482880
|z (OCoLC)1569679440
|z (OCoLC)1569916550
|
| 050 |
|
4 |
|a HF5548.325.S644
|b J65 2026
|
| 072 |
|
7 |
|a JF
|2 bicssc
|
| 072 |
|
7 |
|a SOC000000
|2 bisacsh
|
| 072 |
|
7 |
|a JB
|2 thema
|
| 082 |
0 |
4 |
|a 382.0959
|2 23/eng/20260130
|
| 100 |
1 |
|
|a Jones, Craig A. M.
|e author.
|0 (orcid)0000-0001-8481-4930
|1 https://orcid.org/0000-0001-8481-4930
|
| 245 |
1 |
0 |
|a Advancing IT interoperability and trade facilitation in Southeast Asia /
|c Craig A. M. Jones.
|
| 264 |
|
1 |
|a Singapore :
|b Palgrave Macmillan,
|c [2026]
|
| 300 |
|
|
|a 1 online resource (lxii, 443 pages) :
|b illustrations
|
| 336 |
|
|
|a text
|b txt
|2 rdacontent
|
| 337 |
|
|
|a computer
|b c
|2 rdamedia
|
| 338 |
|
|
|a online resource
|b cr
|2 rdacarrier
|
| 341 |
0 |
|
|b PDF/UA-1
|2 onix
|
| 341 |
0 |
|
|b Table of contents navigation
|2 onix
|
| 341 |
0 |
|
|b Single logical reading order
|2 onix
|
| 341 |
0 |
|
|b Short alternative textual descriptions
|2 onix
|
| 341 |
0 |
|
|b Use of color is not sole means of conveying information
|2 onix
|
| 341 |
0 |
|
|b Use of high contrast between text and background color
|2 onix
|
| 341 |
0 |
|
|b Next / Previous structural navigation
|2 onix
|
| 341 |
0 |
|
|b All non-decorative content supports reading without sight
|2 onix
|
| 490 |
1 |
|
|a Economics and Finance Series
|
| 505 |
0 |
|
|a 1. Introduction -- 2. Theoretical and Technical Foundations -- 3. IT Progress and Innovations Since 2016 -- 4. IT Case Studies -- 5. Digital Trade Facilitation Technologies -- 6. Policy and Regulatory Framework for IT -- 7. Future IT Trends and Predictions -- 8. IT Management and Strategy for Businesses -- 9. Cybersecurity Measures and Challenges in ASEAN Related to Digital Trade Facilitation -- 10.The Role of Digital Identity in Trade -- 11. Impact of Trade Digitalization on SMEs in Southeast Asia -- 12. E-commerce Strategies and Frameworks -- 13. Sustainable Practices in Digital Trade -- 14. Conclusion, Recommendations, and Final Thoughts.
|
| 520 |
|
|
|a This book explores how digital technologies are transforming cross-border trade in Southeast Asia. It examines IT interoperability within the ASEAN Single Window, a landmark initiative that connects national customs systems to accelerate clearance, strengthen cybersecurity, and enable seamless data exchange. Organized across nine chapters, the book highlights how artificial intelligence, blockchain, cloud computing, and smart connected platforms are reshaping trade flows and regulatory cooperation. Drawing on detailed case studies from Singapore, Malaysia, and Indonesia, it shows how digital innovation reduces transaction costs, shortens clearance times, and empowers small and medium-sized enterprises to participate in regional commerce. Combining theory, policy analysis, and empirical evidence, this book provides both researchers and practitioners with a clear roadmap for advancing digital trade. It is an essential resource for scholars of international trade, policymakers, and business leaders seeking to understand and shape the future of digital transformation in Asia and beyond.
|
| 532 |
8 |
|
|a Accessibility summary: This PDF has been created in accordance with the PDF/UA-1 standard to enhance accessibility, including screen reader support, described non-text content (images, graphs), bookmarks for easy navigation, keyboard-friendly links and forms and searchable, selectable text. We recognize the importance of accessibility, and we welcome queries about accessibility for any of our products. If you have a question or an access need, please get in touch with us at accessibilitysupport@springernature.com. Please note that a more accessible version of this eBook is available as ePub.
|
| 532 |
8 |
|
|a No reading system accessibility options actively disabled
|
| 532 |
8 |
|
|a Publisher contact for further accessibility information: accessibilitysupport@springernature.com
|
| 504 |
|
|
|a Includes bibliographical references and index.
|
| 588 |
0 |
|
|a Online resource; title from PDF title page (SpringerLink, viewed January 30, 2026).
|
| 650 |
|
0 |
|a Electronic commerce
|z Southeast Asia.
|
| 651 |
|
0 |
|a Southeast Asia
|x Commerce
|x Technological innovations.
|
| 650 |
|
6 |
|a Commerce électronique
|z Asie du Sud-Est.
|
| 655 |
|
0 |
|a Electronic books.
|
| 776 |
0 |
8 |
|i Print version:
|a Jones, Craig A. M.
|t Advancing IT Interoperability and Trade Facilitation in Southeast Asia
|d Singapore : Palgrave Macmillan,c2026
|z 9789819536597
|
| 830 |
|
0 |
|a Economics and Finance Series.
|
| 852 |
8 |
|
|b POD
|z This title is available for the library to purchase for your use. Click the "Purchase It For Me" button to place a request. This item will take 5-10 business days to arrive.
|
| 955 |
|
|
|a Ebook POD title
|
| 961 |
|
|
|m 565731
|
| 999 |
f |
f |
|i ea92bcb8-9f33-4144-9fd2-23e4028f0c08
|s 916557e9-49df-47ca-9f8f-22b6e92b5bb0
|t 0
|
| 952 |
f |
f |
|a Texas A&M University
|b College Station
|c Sterling C. Evans Library
|s Evans POD
|d Purchase on Demand
|t 0
|e HF5548.325.S644 J65 2026
|h Library of Congress classification
|
| 998 |
f |
f |
|a HF5548.325.S644 J65 2026
|t 0
|l Purchase on Demand
|